Представление документа в формате RUSMARC

ПолеНазваниеЗначение
  Тип записи c
  Библиографический уровень m
001 Контрольный номер RU/УОНБ/EK_N/598720967
005 Дата корректировки 20240130235127.1
010 Индекс ISBN __
9 Тираж 1000 экз.
013 Номер (ISMN) __
a Номер (ISMN) 5-901980-49-2
d Цена 242 р.
071 Издательские номер (звукозапись и ноты) 21
a Номер, присвоенный агентством 028
100 Данные общей обработки __
a Данные общей обработки 20181219d2006 u y0rusy0189||||ca
101 Язык документа 0_
a Язык текста rus
f Язык титульного листа rus
102 Страна публикации __
a Страна публикации RU
105 Кодированные данные (монография) __
a Кодированные данные (монография) y###||||000|y
125 Кодированные данные звукозаписи и нотных изданий __
a Форма изложения нотного текста m|
128 Кодированные данные (звукозаписи-физические характеристики) __
a Кодированные данные: Музыкальная форма и тональность или лад zz
b Инструменты или голоса, необходимые для ансамблей (устаревшее) wa||
c Инструменты или голоса, рекомендуемые для солистов (устаревшее) wa||
200 Заглавие и сведения об ответственности 1_
a Заглавие Тетр. 2
e Сведения, относящиеся к заглавию [для сред. и ст. классов ДМШ]
f Первые сведения об ответственности ред. В. Кузовлева ; перелож. Ю. Ягудина
210 Выходные данные __
d Дата издания 2006
215 Физическое описание __
a Объем 96 с., 1 парт. (32 с.)
327 Примечание о содержании 11
a Примечание о содержании Содерж. : Корнеев А. Импровизация. - Прокофьев С. Танец девушек ; Танец рыцарей : из балета "Ромео и Джульетта". - Тернер Дж. Вальс ; Ария. - Нодо Ж. Сельский праздник. - Синисало Г. Три миниатюры. - Куперен Ф. Сарабанда ; Песенка дьявола. - Лойе Ж. Соната. - Кочар М. Два венгерских танца. - Винчи Л. Соната D-dur : ч. 1. - Раков Н. Багатель. - Маршалл Н. Старый мол. - Раухвергер М. Рассказ. - Перголези Дж. Адажио. - Кулиев Т. Маленькое скерцо. - Амиров Ф. Ашугская. - Кулыгин А. Две прелюдии : для флейты соло. - Бетховен Л. Аллегро ; Менуэт : для двух флейт. - Шедевиль Н. Менуэт : из "Пасторальной сонаты" : для двух флейт. - Блаве М. Аллегро из Сонаты № 1 ; Ларгетто из Сонаты № 6 ; Престо из Сонаты № 6 : для двух флейт. - Артемов В. Нарисованные человечки : для двух флейт. - Агафонников В. Два трио : для трех флейт. - Ипполитов-Иванович М. Сосна : для трех флейт. - Моцарт В. Адажио : для трех флейт. - Соловьев В. Дразнящие пируэты : для трех флейт. - Григоренко В. Песня : для трех флейт.
461 Уровень набора _0
1 001RU/УОНБ/EK_N/598717807
1 200
a Альбом флейтиста
b Ноты
e перелож. лучших образцов классич. музыки и ориг. пьесы
e [учеб. пособие : в 2 тетр.]
f сост. А. Корнеев
v Тетр. 2
1 210
a М.
c Кифара
d 2006 -
464 Аналитический уровень _0
1 2001
a Импровизация
1 700 1
a Корнеев
b А.
464 Аналитический уровень _0
1 2001
a Танец девушек
e из балета "Ромео и Джульетта"
1 700 1
a Прокофьев
b С.
1 50010
a Ромео и Джульетта
464 Аналитический уровень _0
1 2001
a Вальс
1 700 1
a Тернер
b Дж.
464 Аналитический уровень _0
1 2001
a Сельский праздник
1 700 1
a Нодо
b Ж.
464 Аналитический уровень _0
1 2001
a Три миниатюры
1 700 1
a Синисало
b Г.
464 Аналитический уровень _0
1 2001
a Сарабанда
1 700 1
a Куперен
b Ф.
464 Аналитический уровень _0
1 2001
a Соната
1 700 1
a Лойе
b Ж.
464 Аналитический уровень _0
1 2001
a Два венгерских танца
1 700 1
a Кочар
b М.
464 Аналитический уровень _0
1 2001
a Соната D-dur
e ч. 1
1 700 1
a Винчи
b Л.
464 Аналитический уровень _0
1 2001
a Багатель
1 700 1
a Раков
b Н.
464 Аналитический уровень _0
1 2001
a Старый мол
1 700 1
a Маршалл
b Н.
464 Аналитический уровень _0
1 2001
a Рассказ
1 700 1
a Раухвергер
b М.
464 Аналитический уровень _0
1 2001
a Адажио
1 700 1
a Перголези
b Дж.
464 Аналитический уровень _0
1 2001
a Маленькое скерцо
1 700 1
a Кулиев
b Т.
464 Аналитический уровень _0
1 2001
a Ашугская
1 700 1
a Амиров
b Ф.
464 Аналитический уровень _0
1 2001
a Две прелюдии
e для флейты соло
1 700 1
a Кулыгин
b А.
1 50010
a Прелюдия
464 Аналитический уровень _0
1 2001
a Аллегро
e для двух флейт
1 700 1
a Бетховен
b Л. ван
464 Аналитический уровень _0
1 2001
a Менуэт
e из "Пасторальной сонаты"
e для двух флейт
1 700 1
a Шедевиль
b Н.
1 50010
a Пасторальная соната
464 Аналитический уровень _0
1 2001
a Аллегро из Сонаты № 1
e для двух флейт
1 700 1
a Блаве
b М.
464 Аналитический уровень _0
1 2001
a Нарисованные человечки
e для двух флейт
1 700 1
a Артемов
b В.
464 Аналитический уровень _0
1 2001
a Два трио
e для трех флейт
1 700 1
a Агафонников
b В.
464 Аналитический уровень _0
1 2001
a Сосна
e для трех флейт
1 700 1
a Ипполитов-Иванович
b М.
464 Аналитический уровень _0
1 2001
a Адажио
e для трех флейт
1 700 1
a Моцарт
b В.
464 Аналитический уровень _0
1 2001
a Дразнящие пируэты
e для трех флейт
1 700 1
a Соловьев
b В.
464 Аналитический уровень _0
1 2001
a Песня
e для трех флейт
1 700 1
a Григоренко
b В.
464 Аналитический уровень _0
1 2001
a Танец рыцарей
e из балета "Ромео и Джульетта"
1 700 1
a Прокофьев
b С.
1 50010
a Ромео и Джульетта
464 Аналитический уровень _0
1 2001
a Ария
1 700 1
a Тернер
b Дж.
464 Аналитический уровень _0
1 2001
a Песенка дьявола
1 700 1
a Куперен
b Ф.
464 Аналитический уровень _0
1 2001
a Менуэт
e для двух флейт
1 700 1
a Бетховен
b Л. ван
464 Аналитический уровень _0
1 2001
a Ларгетто из Сонаты № 6
e для двух флейт
1 700 1
a Блаве
b М.
464 Аналитический уровень _0
1 2001
a Престо из Сонаты № 6
e для двух флейт
1 700 1
a Блаве
b М.
512 Заглавие обложки 1_
a Заглавие обложки Альбом флейтиста
606 Тематические рубрики 0_
a Основная рубрика Флейтовая музыка
x Основная подрубрика Педагогический репертуар ДМШ
610 Ключевые слова 0_
a Ключевые слова флейта
610 Ключевые слова 0_
a Ключевые слова педагогический репертуар ДМШ
686 Индексы других классификаций __
a Классификационный индекс 85.957.22я43
2 Код системы rubbk
702 Вторичная интеллектуальная ответственность __
a Фамилия Кузовлева
b Имя (инициалы) В.
4 Код отношения 340
702 Вторичная интеллектуальная ответственность _1
a Фамилия Ягудин
b Имя (инициалы) Ю.
4 Код отношения 030
801 Источник записи _0
a Страна RU
b Организация Ульяновская ОНБ
c Дата составления 20181221
g Правила каталогизации RCR
801 Источник записи _1
a Страна RU
b Организация Ульяновская ОНБ
c Дата составления 20181221
g Правила каталогизации RCR
901 Тип документа __
t Тип документа n
w Контрольный № источника RU/УОНБ/EK_N/598717807
909 Создатель записи __
a Создатель записи Никитина Т. А.
938 Служебная информация __
a Имя БД noti
b Имя библиотеки УОНБ
c Имя АИБС МАРК-SQL
d Номер DOC_ID в БД 19737